00374nam a2200121Ia 4500008004100000082001500041100001900056245004600075260002600121300001000147630001800157650007700175211109s9999||||xx |||||||||||||| ||und|| a914bHUS-M aHusain, Mahadi 0aMy Impressions Of Europe And Other Essays bUn KnownaDelhic1956 a198p. xGeneral Stack aGeography of & travel in EuropevGeography & travelxHistory & Geography